000 00840nam a2200265 u 4500
005 20240228064107.0
008 121106s2006 r 000 0 eng d
020 _a8426133959
020 _a9788426133953
035 _aUPN01000188184
049 _aI
050 4 _aPZ7
_bH3.6 2006
100 1 _aHaseley, Dennis
_933447
245 1 3 _aEl oso que amaba los libros /
_cDennis Hasely ; il. Jim Lamarche ; tr. de Christiane Reyes.
250 _a3a ed.
260 _aBarcelona, Esp. :
_bJuventud,
_c2006.
300 _a[34] p. :
_bprincipalmente il. col.
534 _pTítulo original :
_ta story for bear
650 0 _aAnimales
_vCuentos y leyendas
_9234
650 4 _aLibros y lectura para niños
_92290
650 4 _aCuentos infantiles ingleses
_910002
700 1 _aLamarche, Jim,
_eil.
905 _aInfantil
999 _c160287
_d160287